Principios de derecho administrativo / (Record no. 12425)

MARC details
000 -LEADER
campo de control de longitud fija 01055nam a2200301 4500
001 - NÚMERO DE CONTROL
campo de control 12425
003 - IDENTIFICADOR DE NÚMERO DE CONTROL
campo de control ES-MaACL
005 - FECHA Y HORA DE LA ÚLTIMA TRANSACCIÓN
campo de control 20250827024930.0
007 - CAMPO FIJO DE DESCRIPCIÓN FÍSICA--INFORMACIÓN GENERAL
campo de control de longitud fija t|
008 - DATOS DE LONGITUD FIJA--INFORMACIÓN GENERAL
campo de control de longitud fija 000000s1978 sp ||||0| spa j
016 7# - NÚMERO DE CONTROL DE UNA AGENCIA BIBLIOGRÁFICA NACIONAL
Número de control cancelado/no válido 05527933
020 ## - NÚMERO INTERNACIONAL ESTÁNDAR DEL LIBRO
Número Internacional Estándar del Libro 84-7351-142-5
040 ## - FUENTE DE CATALOGACIÓN
Centro catalogador/agencia de origen IBH
Lengua de catalogación spa
Centro/agencia transcriptor M-BN-DP
080 ## - NÚMERO DE LA CLASIFICACIÓN DECIMAL UNIVERSAL
Número de la Clasificación Decimal Universal 35(46)(02)
100 1# - ENTRADA PRINCIPAL--NOMBRE DE PERSONA
Nombre de persona Orlando, Vittorio Emanuelle.
9 (RLIN) 87283
245 10 - MENCIÓN DEL TÍTULO
Título Principios de derecho administrativo /
Mención de responsabilidad, etc. V.E. Orlando... ; traducción [del italiano] Alvaro Rodríguez Bereijo.
260 ## - PUBLICACIÓN, DISTRIBUCIÓN, ETC.
Lugar de publicación, distribución, etc. Madrid :
Nombre del editor, distribuidor, etc. Instituto Nacional de Administración Pública,
Fecha de publicación, distribución, etc. 1978.
300 ## - DESCRIPCIÓN FÍSICA
Extensión XXI, 298 p ;
Dimensiones 21 cm.
490 1# - MENCIÓN DE SERIE
Mención de serie Clásicos de la Administración. Serie A ;
Designación de volumen o secuencia 5
500 ## - NOTA GENERAL
Nota general Indice.
650 07 - PUNTO DE ACCESO ADICIONAL DE MATERIA--TÉRMINO DE MATERIA
Término de materia o nombre geográfico como elemento de entrada Derecho administrativo
Fuente del encabezamiento o término embne
9 (RLIN) 11642
700 1# - ENTRADA AGREGADA--NOMBRE PERSONAL
Nombre de persona Rodríguez Bereijo, Alvaro.
9 (RLIN) 98379
710 2# - ENTRADA AGREGADA--NOMBRE DE ENTIDAD CORPORATIVA
Nombre de entidad corporativa o nombre de jurisdicción como elemento de entrada Instituto Nacional de Administración Pública (España)
9 (RLIN) 5139
830 00 - PUNTO DE ACCESO ADICIONAL DE SERIE-TÍTULO UNIFORME
Título uniforme Clásicos de la Administración
Designación de volumen o secuencia 5
9 (RLIN) 187056
852 ## - LOCALIZACIÓN
Ubicación ES-MaACL
Número de control de estantería L-19743
Sublocalización o colección R.123645
Holdings
Estatus retirado Estado de pérdida Estado de daño No para préstamo Biblioteca de origen Biblioteca actual Ubicación en estantería Fecha de adquisición Fuente de adquisición Total de préstamos Signatura topográfica completa Código de barras Visto por última vez Precio de reemplazo Tipo de ítem Koha
        Biblioteca del Ateneo de Madrid Biblioteca del Ateneo de Madrid Depósito 2 17/01/2008     L-19743 1012660 23/02/2023 23/02/2023 Libro impreso